| 000 | 01065nam a2200253Ia 4500 | ||
|---|---|---|---|
| 003 | IN-BaIIA | ||
| 008 | 211028s9999 xx 000 0 eng d | ||
| 040 | _cIIA Library | ||
| 080 |
_a528.089.6(061.3) _bTHE |
||
| 111 |
_aThe 2002 HST Calibration Workshop _cMaryland _d1997 Sept. 22-24 _931675 |
||
| 245 | 0 |
_aWith a new generation of instruments _bproceedings of the 1997 HST calibration workshop held in Baltimore, Maryland, September 22-24, 1997 _cedited by Stefano Casertano…[et al.] |
|
| 260 |
_aBaltimore _bSpace Telescope Science Institute _c1997 |
||
| 300 | _axvi, 541p. | ||
| 650 |
_aCalibration of photographic instruments _931676 |
||
| 650 |
_aNICMOS _931677 |
||
| 650 |
_aSpace telescope imaging spectograph _931678 |
||
| 650 |
_aSpectophotography _931679 |
||
| 650 |
_aWide field and planetory camera 2 _931680 |
||
| 700 |
_aCasertano, Stefano, ed. _917393 |
||
| 700 |
_aJedrzejewski, Robert, ed. _931681 |
||
| 700 |
_aKeyes, Charles D., ed. _931682 |
||
| 700 |
_aStevens, Mark, ed. _931683 |
||
| 942 | _cBK | ||
| 999 |
_c16934 _d16934 |
||